000 00706nam a2200289Ia 4500
005 20260324124613.0
008 008 260324s9999 xx 000 0 eng d
020 _a9781849775700
037 _aEBOOK
040 _aCRL
040 _beng
040 _cCRL
041 _2eng
041 _aeng
084 _qCRL
100 _aAlan AtKisson
_91172208
245 4 _aThe Sustainability Transformation
245 0 _bHow to Accelerate Positive Change in Challenging Times
260 _bTaylor and Francis
260 _c2010
365 _a
365 _b230
856 _uhttp://www.taylorfrancis.com/books/9781849775700
942 _cEBOOK
999 _c1769310
_d1769310